000
00435nam a2200157Ia 4500
008
090124s9999 xx 000 0 und d
082
_b
134570
245
_a
शांतारामा
250
_a
1
260
_b
व्हि.शांताराम
_c
2007
300
_a
536
630
_a
शांतारामा
700
_a
जसराज मधुरा
730
_a
शांतारामा
942
_c
BOOK
999
_c
188591
_d
188591